ბათუმის შოთა რუსთაველის სახელმწიფო უნივერსიტეტის ბიბლიოთეკა

Thiazines and structurally related compounds : (ბიბ.ჩანაწერი № 61717)

000 -LEADER
fixed length control field 01420pam a2200301 a 4500
001 - CONTROL NUMBER
control field 3431342
005 - DATE AND TIME OF LATEST TRANSACTION
control field 20240419170250.0
008 - FIXED-LENGTH DATA ELEMENTS--GENERAL INFORMATION
fixed length control field 910508s1992 flua b 101 0 eng c
010 ## - LIBRARY OF CONGRESS CONTROL NUMBER
LC control number 91007106
020 ## - INTERNATIONAL STANDARD BOOK NUMBER
International Standard Book Number 0894646265 (alk. paper)
040 ## - CATALOGING SOURCE
Original cataloging agency DNLM/DLC
Transcribing agency DLC
Modifying agency DLC
080 ## - UNIVERSAL DECIMAL CLASSIFICATION NUMBER
Universal Decimal Classification number 615 T-45
111 2# - MAIN ENTRY--MEETING NAME
Meeting name or jurisdiction name as entry element International Conference on Phenothiazines and Structurally Related Psychotropic Compounds
Number of part/section/meeting (6th :
Date of meeting 1990 :
Location of meeting Pasadena, Calif.)
9 (RLIN) 21890
245 10 - TITLE STATEMENT
Title Thiazines and structurally related compounds :
Remainder of title proceedings of the Sixth International Conference on Phenothiazines and Structurally Related Psychotropic Compounds, Pasadena, California, September 11-14, 1990 /
Statement of responsibility, etc. executive editor, Hendrik Keyzer ; editors, George M. Eckert ... [et al.].
260 ## - PUBLICATION, DISTRIBUTION, ETC.
Place of publication, distribution, etc. Malabar, Fla. :
Name of publisher, distributor, etc. Krieger Pub. Co.,
Date of publication, distribution, etc. 1992.
300 ## - PHYSICAL DESCRIPTION
Extent xxi, 454 p. :
Other physical details ill. ;
Dimensions 29 cm.
504 ## - BIBLIOGRAPHY, ETC. NOTE
Bibliography, etc. note Includes bibliographical references and index.
650 #0 - SUBJECT ADDED ENTRY--TOPICAL TERM
Topical term or geographic name entry element Thiazines
General subdivision Therapeutic use
-- Testing
-- Congresses.
9 (RLIN) 21891
650 #0 - SUBJECT ADDED ENTRY--TOPICAL TERM
Topical term or geographic name entry element Thiazines
General subdivision Congresses.
9 (RLIN) 21892
650 #2 - SUBJECT ADDED ENTRY--TOPICAL TERM
Topical term or geographic name entry element Phenothiazine Tranquilizers
General subdivision congresses.
9 (RLIN) 21893
653 ## - INDEX TERM--UNCONTROLLED
keyword წამალთმცოდნეობა
653 ## - INDEX TERM--UNCONTROLLED
keyword მედიცინა
700 1# - ADDED ENTRY--PERSONAL NAME
Personal name Keyzer, Hendrik.
9 (RLIN) 21894
700 1# - ADDED ENTRY--PERSONAL NAME
Personal name Eckert, George M.
9 (RLIN) 21895
906 ## - LOCAL DATA ELEMENT F, LDF (RLIN)
a 7
b cbc
c orignew
d 1
e ocip
f 19
g y-gencatlg
942 ## - ADDED ENTRY ELEMENTS (KOHA)
Source of classification or shelving scheme
Koha item type წიგნი
ეგზემპლარები
Withdrawn status Lost status Source of classification or shelving scheme Damaged status Not for loan Permanent Location Current Location Shelving location Date acquired Cost, normal purchase price Full call number Barcode Date last seen Copy number Price effective from Koha item type Public note
          ბათუმის შოთა რუსთაველის სახელმწიფო უნივერსიტეტის მთავარი ბიბლიოთეკა ბათუმის შოთა რუსთაველის სახელმწიფო უნივერსიტეტის მთავარი ბიბლიოთეკა წიგნსაცავი 2024-04-19 70.00 615T-45 67881 2024-04-19 67881 2024-04-19 წიგნი 70.00
          ბათუმის შოთა რუსთაველის სახელმწიფო უნივერსიტეტის მთავარი ბიბლიოთეკა ბათუმის შოთა რუსთაველის სახელმწიფო უნივერსიტეტის მთავარი ბიბლიოთეკა წიგნსაცავი 2024-04-19 70.00 615T-45 67882 2024-04-19 67882 2024-04-19 წიგნი 70.00
          ბათუმის შოთა რუსთაველის სახელმწიფო უნივერსიტეტის მთავარი ბიბლიოთეკა ბათუმის შოთა რუსთაველის სახელმწიფო უნივერსიტეტის მთავარი ბიბლიოთეკა წიგნსაცავი 2024-04-19 70.00 615 T-45 67883 2024-04-19 67883 2024-04-19 წიგნი 70.00
          ბათუმის შოთა რუსთაველის სახელმწიფო უნივერსიტეტის მთავარი ბიბლიოთეკა ბათუმის შოთა რუსთაველის სახელმწიფო უნივერსიტეტის მთავარი ბიბლიოთეკა წიგნსაცავი 2024-04-19 70.00 615T-45 67884 2024-04-19 67884 2024-04-19 წიგნი 70.00
          ბათუმის შოთა რუსთაველის სახელმწიფო უნივერსიტეტის მთავარი ბიბლიოთეკა ბათუმის შოთა რუსთაველის სახელმწიფო უნივერსიტეტის მთავარი ბიბლიოთეკა წიგნსაცავი 2024-04-19 70.00 615T-45 67885 2024-04-19 67885 2024-04-19 წიგნი 70.00
          ბათუმის შოთა რუსთაველის სახელმწიფო უნივერსიტეტის მთავარი ბიბლიოთეკა ბათუმის შოთა რუსთაველის სახელმწიფო უნივერსიტეტის მთავარი ბიბლიოთეკა წიგნსაცავი 2024-04-19 70.00 615T-45 67886 2024-04-19 67886 2024-04-19 წიგნი 70.00
          ბათუმის შოთა რუსთაველის სახელმწიფო უნივერსიტეტის მთავარი ბიბლიოთეკა ბათუმის შოთა რუსთაველის სახელმწიფო უნივერსიტეტის მთავარი ბიბლიოთეკა წიგნსაცავი 2024-04-22 70.00 615 T-45 67894 2024-04-22 67894 2024-04-22 წიგნი 70.00